| 000 | 00449nam a2200181Ia 4500 | ||
|---|---|---|---|
| 008 | 230524s9999 xx 000 0 und d | ||
| 020 | _a9788182811614 | ||
| 082 |
_a658.4038 _bLAH |
||
| 100 |
_aJasobanta Laha _942109 |
||
| 245 | 0 | _aManagerial Computing | |
| 250 | _a1 | ||
| 260 |
_aNew Delhi _bVrinda Publi. _c2009 |
||
| 300 | _a339p; | ||
| 500 | _aQuantity Number: 1 | ||
| 650 | _aComp-Sc | ||
| 700 |
_aManoranjan Dash _942110 |
||
| 942 | _cBK | ||
| 999 |
_c56514 _d56514 |
||